|
|
|
|
| LEADER |
00000cam a2200000 4500 |
| 001 |
vtls001289694 |
| 003 |
SK-MaSNL |
| 005 |
20260301064919.0 |
| 008 |
251112s1846 xo a f 010 0 slo |
| 015 |
|
|
|a SNBHFA
|
| 035 |
|
|
|a SNK000241318
|
| 035 |
|
|
|a E894B9B8-F9A8-4795-8F7F-00EA80FF1E8E
|
| 035 |
|
|
|a urn:nbn:sk:snk-am0087q9
|
| 035 |
|
|
|a urn:nbn:sk:snk-amjtrd
|
| 040 |
|
|
|a SNK
|b slo
|c SNK
|e rda
|
| 041 |
0 |
|
|a slo
|
| 044 |
|
|
|a xo
|c SK
|
| 072 |
|
7 |
|a 811.162.4
|x Slovenčina
|2 konspekt
|
| 072 |
|
7 |
|a 81
|x Lingvistika. Jazyky
|2 konspekt
|
| 080 |
|
|
|a 811.162.4
|2 2011
|
| 080 |
|
|
|a 81'271.12
|2 2001
|
| 080 |
|
|
|a 811.162.4'271.12
|2 2011
|
| 100 |
1 |
|
|a Štúr, Ľudovít,
|d 1815-1856
|4 aut
|9 92872
|
| 245 |
1 |
0 |
|a Nárečja Slovenskuo Alebo Potreba Písaňja V Tomto Nárečí
|c Vistavená Od Ludevíta Štúra
|
| 264 |
|
3 |
|a V Prešporku
|b V tlačjarňi K. F.Wiganda
|c 1846
|
| 300 |
|
|
|a 86 strán, 2 nečíslované strany
|c 22 cm
|
| 336 |
|
|
|a text
|b txt
|2 dacontent
|
| 337 |
|
|
|a bez média
|b n
|2 rdamedia
|
| 338 |
|
|
|a zväzok
|b nc
|2 rdacarrier
|
| 500 |
|
|
|a Kolácia: 86, [2] s., 8°, 21,5 x 13,7 cm
|
| 500 |
|
|
|a Prepis titulného listu podľa exemplára ŠVKPO A 78228a
|
| 500 |
|
|
|a Titulný list defektný - v hornej časti papier. štítok s textom "Nárečja slovenskuo"
|
| 500 |
|
|
|a Tlač zatečená
|
| 500 |
|
|
|a Tlač degradovaná vplyvom zvýšenej vlhkosti (hnedé škvrny)
|
| 500 |
|
|
|a Titulná strana v ozdobniom rámčeku, zložky, erráta
|
| 500 |
|
|
|a Kolácia: 86, [2] s., 8°, 20,5 x 13 cm
|
| 500 |
|
|
|a Tlač degradovaná vplyvom zvýšenej vlhkosti (hnedé škvrny)
|
| 504 |
|
|
|a Poznámky pod textom
|
| 546 |
|
|
|a Slovenský text
|b Antikva
|
| 561 |
|
|
|a Peč.: "Z rezervných fondov Knižnice Matice slovenskej", "Knižnica Matice Slovenskej" , "Štátna Vedecká Knižnica Prešov"
|5 SVKPO : A 78228
|
| 561 |
|
|
|a Peč.: "F. Bulla architect Tur. Sv. Martin", rkp. podpis a pozn., "Z rezervných fondov Knižnice Matice slovenskej", "Štátna Vedecká Knižnica Prešov"
|5 SVKPO : A 78228
|
| 561 |
|
|
|a Rukopisný provenienčný záznam na titulnom liste: Csaplovics E [...].
|5 SNK SC 42 D1
|
| 563 |
|
|
|a Väzba: preväzba - béžová papierová obálka, na titulnom liste i poslednej stránke tlače viditeľné fragmenty pôvodnej hnedej papierovej obálky
|5 SVKPO : A 78228a
|
| 563 |
|
|
|a Väzba: pôvodná, kartón, čiernobéžovobordový mramor. papier, chrbát a rohy - bordové plátno, chrbát - rkp. nápis: "L. Štur. Nárečie slovenske"
|5 SVKPO : A 78228a
|
| 563 |
|
|
|a Väzba: pôvodná, lepenková.
|5 SNK SC 42 ; SC 42 D4
|
| 563 |
|
|
|a Väzba: previazaná, celoplátená.
|5 SNK SC 42 D1
|
| 650 |
0 |
7 |
|a slovenčina
|2 SNKPH
|9 1350
|
| 650 |
0 |
7 |
|a kodifikácia jazyka
|2 SNKPH
|9 87585
|
| 650 |
0 |
7 |
|a spisovná slovenčina
|2 SNKPH
|9 66941
|
| 700 |
1 |
|
|a Hodža, Michal Miloslav,
|d 1811-1870
|4 hnr
|9 184937
|
| 700 |
1 |
|
|a Hurban, Jozef Miloslav,
|d 1817-1888
|4 hnr
|9 93005
|
| 700 |
1 |
|
|a Wigand, Karol Fridrich
|4 prt
|9 382896
|
| 700 |
1 |
|
|a Csaplovics, E.
|4 fmo
|9 382897
|
| 752 |
|
|
|a Slovensko
|d Bratislava
|
| 852 |
|
|
|a snk
|p SC 42 ; SC 42 D1 ; SC 42 D4
|
| 852 |
|
|
|a SVKPO
|c Historické fondy
|p A 78228
|
| 852 |
|
|
|a SVKPO
|c Historické fondy
|p A 78228a
|
| 958 |
|
|
|a DF
|
| 958 |
|
|
|a ONDV
|
| 999 |
|
|
|c 628709
|d 630639
|
| 952 |
|
|
|a SNK
|b SNK
|y PREZ
|7 0
|p 17A0071400
|o snkSC 42 D1
|i snkKSK 1845/56
|8 3
|z Rok: 1846
|0 0
|1 0
|4 0
|d 1997-06-06
|l 0
|r 2005-01-02 00:00:00
|w 2026-02-23
|
| 952 |
|
|
|a SNK
|b SNK
|y PREZ
|7 0
|p 17A0101762
|o snkSC 42 D3
|i snkD 2279/61
|8 1
|3 rekatalogizácia
|z Rok: 1846
|0 0
|1 0
|4 0
|d 1997-10-02
|l 0
|r 2005-01-02 00:00:00
|w 2026-02-23
|
| 952 |
|
|
|a SNK
|b SNK
|y PREZ
|7 0
|p 17A0713989
|o snkSC 42
|i snk109/27
|0 0
|1 0
|4 0
|d 2011-11-10
|f 1
|l 0
|r 2025-05-27 00:00:00
|w 2026-02-23
|
| 952 |
|
|
|a SNK
|b SNK
|y PREZ
|7 0
|p 17A0462332
|o snkSC 42 D5
|i snkF 1761/85
|8 5
|3 rekatalogizácia
|z Rok: 1846
|0 0
|1 0
|4 0
|d 2005-03-23
|l 0
|r 2026-02-23 17:17:43
|w 2026-02-23
|
| 952 |
|
|
|a SNK
|b SNK
|y PREZ
|7 0
|p 17A0495455
|o snkSC 42 D4
|i snkK 3925/71
|8 3
|z Rok: 1846
|0 0
|1 0
|4 0
|d 2006-02-02
|l 0
|r 2026-02-23 17:17:43
|w 2026-02-23
|
| 952 |
|
|
|t Trezor
|a SNKUST
|b SNKUST
|y PREZ
|7 0
|p 17A0540777
|o snkSC 42 D2
|i snkKSK 333/57
|8 3
|3 rekatalogizácia
|0 0
|1 0
|4 0
|d 2007-03-01
|l 0
|r 2025-03-21 00:00:00
|w 2026-02-23
|
| 952 |
|
|
|a SNKLM
|b SNKLM
|y NEVYP
|7 0
|o snklmMK 6974
|8 3
|0 0
|1 0
|4 0
|d 2007-02-22
|l 0
|r 2026-02-23 17:17:43
|w 2026-02-23
|